Geometric flows

Saved in:
Bibliographic Details
Other Authors: Cao, Huai-Dong (Editor), Yau, Shing-Tung 1949- (Editor)
Format: Book
Language:English
Published: Somerville, MA : International Press, 2008.
Series:Surveys in differential geometry ; 12
Subjects:
Tags: Add Tag
No Tags, Be the first to tag this record!

MARC

LEADER 00000cam a2200000 i 4500
001 1/104021
008 090409s2008 us ||| eng||
020 |a 9781571461186 
035 |l 10104268 
040 |a GR-MyUA  |b gre  |e AACR2 
041 0 |a eng 
082 0 |a 516.36  |2 (22) 
245 1 0 |a Geometric flows /   |c edited by Huai-Dong Cao and Shing-Tung Yau.  
260 |a Somerville, MA :   |b International Press,   |c 2008.  
300 |a v, 347 σ. ;   |c 25 εκ.  
490 1 |a (Surveys in differential geometry)   |v ; 12 
504 |a Βιβλιογραφία: σ. 346-347.  
650 0 0 |a Geometry, Differential. 
700 1 |a Cao, Huai-Dong,  |e edt 
700 1 |a Yau, Shing-Tung  |d 1949-  |e edt 
830 0 |a Surveys in differential geometry ;  |v  12 
852 |a INST  |b SAMOS  |e 20090409  |h 516.36 GEO  |p 005300028950  |q 005300028950  |t BK  |y 0 
901 |a BIBL3-2009-1 
909 |a Σ  |b 156044 
920 |y Σάμος  |z 2009-04 
970 |a ΣΙΤΖΙΜΗ  |b ΓΙΑΣΕΜΗ  |z 2009/04/09